Set in the United States Quiz Stats

 Plays Quiz Updated Feb 25, 2018

Challenge
Share
Tweet
Embed
Score 0/10 Timer 02:00
6 Plays Today
% Correct
Alaska
82.5%
New York
80.3%
Colorado
71.3%
Texas
69.7%
Alabama
67.9%
California
62.6%
Missouri
52.1%
Mississippi
49.2%
Louisiana
49.1%
Oregon
44.2%

You're not logged in!

Compare scores with friends on all Sporcle quizzes.
OR
Log In

You Might Also Like...

Show Comments

Extras

Top Quizzes Today


Score Distribution

Your Account Isn't Verified!

In order to create a playlist on Sporcle, you need to verify the email address you used during registration. Go to your Sporcle Settings to finish the process.

Report this User

Report this user for behavior that violates our Community Guidelines.

Details: